000 00718nam a2200241Ia 4500
001 16129
003 GE_BSU
008 181216s||||||||xx |||||||||||||| ||und||
020 _a9788126509867
040 _cGE_BSU
080 _a004.21
100 _aGoodrich,Michael T. Tamassia,Roberto
245 _aAlgorithm Design: Foundations,Analysis and internet Examples
250 _aSecond edition
260 _aWiley-India
260 _c2013
300 _a708p.22cm.
541 _h160 L.
653 _aAlgorithm Design: Foundations,Analysis and internet Examples
653 _aინფორმატიკა
653 _aსაინფორმაციო ტექნოლოგიები
942 _cBK
999 _c49217
_d49217